Finances publiques et richesses privees dans le discours athenien aux Ve et IVe siecles
Αποθηκεύτηκε σε:
| Κύριος συγγραφέας: | |
|---|---|
| Μορφή: | Βιβλίο |
| Γλώσσα: | French |
| Δημοσίευση: |
Paris :
Belles Lettres,
1988
|
| Σειρά: | Annales litteraires de l'Universite de Besancon ;
; 362 Centre de recherches d'histoire ancienne (Series) ; 75 |
| Θέματα: | |
| Ετικέτες: |
Προσθήκη ετικέτας
Δεν υπάρχουν, Καταχωρήστε ετικέτα πρώτοι!
|
MARC
| LEADER | 00000cam a2200000 i 4500 | ||
|---|---|---|---|
| 001 | 1/31508 | ||
| 008 | 060626s1988 fre d | ||
| 020 | |a 2-251-60-362-X | ||
| 035 | |l 10084426 | ||
| 040 | |a GR-MY-UA |b gre |e aacr | ||
| 041 | 0 | |a fre | |
| 082 | 0 | |a 336.949512 |2 (22) | |
| 100 | 1 | |a Vannier, Francois. | |
| 245 | 1 | 0 | |a Finances publiques et richesses privees dans le discours athenien aux Ve et IVe siecles / |c Francois Vannier |
| 260 | |a Paris : |b Belles Lettres, |c 1988 | ||
| 300 | |a 265 σ.; |c 24 εκ. | ||
| 490 | 1 | |a Annales litteraires de l'Universite de Besancon |v ; 362 | |
| 490 | 1 | |a Centre de recherches dhistoire ancienne (Series) |v ; 75 | |
| 504 | |a Περιέχει βιβλιογραφία (σ. [247]-256) και ευρετήριο | ||
| 650 | 0 | 0 | |a Wealth |z Greece |z Anthens. |
| 650 | 0 | 0 | |a Finance, Public |z Greece |z Athens. |
| 651 | 0 | |a Athens (Greece) |x Economic conditions. | |
| 830 | 0 | |a Annales litteraires de l'Universite de Besancon ; |v ; 362 | |
| 830 | 0 | |a Centre de recherches d'histoire ancienne (Series) |v ; 75 | |
| 852 | |a INST |b LESVOS |e 20060626 |h 336.949512 VAN |p 005100036170 |q 005100036170 |t BK |y 0 | ||
| 901 | |a BIBL1-2006-2 | ||
| 909 | |a Λ |b 100931 | ||
| 970 | |a ΚΑΡΑ |b ΓΙΑΣΕΜΗ |z 2006/06/26 | ||